Geography Quiz - Statistics

General Stats
  • This quiz has been taken 29 times
  • The average score is 12 of 17
Answer Stats
Picture Answer % Correct
Italy
97%
Mexico
97%
Australia
93%
Iceland
93%
Cyprus
86%
Cuba
79%
Baja California
76%
Madagascar
76%
Caribbean Sea
72%
Denmark
72%
Red Sea
72%
Black Sea
69%
The Philippines
69%
Michigan
59%
Washington
52%
Himalayas
48%
San Francisco Bay
10%
No matching quizzes found
Score Distribution
Percent of People with Each Score
Percentile by Number Answered
Your Score History
You have not taken this quiz